[Event "Stuttgarter Stadtmeisterschaft B-Turnier"]
[Site "Ditzingen"]
[Date "2009.05.22"]
[Round "4.49"]
[White "Hartmann, Anatoli"]
[Black "Schmidt, Heiko"]
[Result "0-1"]
[WhiteElo "1642"]
[BlackElo "1493"]
[PlyCount "146"]
[EventDate "2009.??.??"]

1. d4 b6 2. Bf4 Bb7 3. e3 Nf6 4. Nc3 e6 5. Nf3 Bb4 6. Bd3 Nd5 7. Qd2 Nxf4 8.
exf4 Bxf3 9. gxf3 Qf6 10. a3 Bxc3 11. bxc3 Nc6 12. Qe3 O-O 13. Bb5 Rad8 14. Bd3
Ne7 15. c4 d5 16. Qe5 Qxe5+ 17. dxe5 dxc4 18. Bxc4 Rd4 19. Bd3 Rxf4 20. Be4 Ng6
21. Ke2 Nxe5 22. Ke3 Rf6 23. h4 Rd8 24. Rad1 Nc4+ 25. Ke2 Rd6 26. Rd3 Rxd3 27.
Bxd3 Nd6 28. h5 Rh6 29. c4 Ne8 30. Rh4 c5 31. Rh1 Nf6 32. Ke3 Rxh5 33. Rb1 Nd7
34. f4 Rh3+ 35. f3 g6 36. a4 Rh2 37. Be2 Rh5 38. Rd1 Nf8 39. Rd8 Rh1 40. Ra8
Ra1 41. Rxa7 h5 42. Rb7 Rxa4 43. Rxb6 Ra5 44. Rb7 Kg7 45. Bd3 h4 46. Rb2 f6 47.
Rb7+ Kh6 48. Rb8 Nh7 49. Rb6 h3 50. Rb2 e5 51. fxe5 fxe5 52. Rb6 h2 53. Rxg6+
Kh5 54. Rg7 Ng5 55. Rg8 Ra6 56. Be2 Ra3+ 57. Bd3 Kh4 58. Kf2 Nh3+ 59. Ke3 h1=Q
60. Rh8+ Kg5 61. Rg8+ Kf6 62. Rg6+ Kf7 63. Ke4 Qe1+ 64. Kf5 Rxd3 65. Rf6+ Ke7
66. f4 Rf3 67. Re6+ Kd7 68. Ra6 Rxf4+ 69. Kg6 Qg3+ 70. Kh7 Rh4+ 71. Rh6 Ng5+
72. Kg7 Ne6+ 73. Kh7 Qg7# 0-1

[Event "Stuttgarter Stadtmeisterschaft B-Turnier"]
[Site "Ditzingen"]
[Date "2009.05.22"]
[Round "4.51"]
[White "Wolff, Cascal"]
[Black "Zeyer, Gabriel"]
[Result "1/2-1/2"]
[WhiteElo "1802"]
[BlackElo "1461"]
[PlyCount "41"]
[EventDate "2009.??.??"]

1. f4 d5 2. Nf3 Bg4 3. e3 Nf6 4. Be2 e6 5. b3 Be7 6. Bb2 O-O 7. d3 Nbd7 8. Nbd2
Bc5 9. Nf1 c6 10. Ne5 Nxe5 11. Bxe5 Bxe2 12. Qxe2 Ba3 13. Nd2 b5 14. Rb1 Nd7
15. Bb2 Bxb2 16. Rxb2 Qa5 17. Qd1 Qa3 18. Qc1 Qc5 19. Nf1 Qc3+ 20. Nd2 Nf6 21.
O-O 1/2-1/2

[Event "Stuttgarter Stadtmeisterschaft B-Turnier"]
[Site "Ditzingen"]
[Date "2009.05.22"]
[Round "4.52"]
[White "Reiß, Michael"]
[Black "Kreutz, Daniel"]
[Result "0-1"]
[WhiteElo "1358"]
[BlackElo "1663"]
[PlyCount "64"]
[EventDate "2009.??.??"]

1. e4 Nf6 2. Nc3 d5 3. exd5 Nxd5 4. Nxd5 Qxd5 5. Nf3 Bg4 6. Be2 Nc6 7. d3 e5 8.
h3 Bf5 9. O-O Bc5 10. a3 O-O-O 11. b4 Be7 12. Be3 Nd4 13. Bxd4 exd4 14. Qd2 g5
15. Rfb1 h5 16. b5 g4 17. Nh2 Rdg8 18. a4 Bd7 19. Qa5 Kb8 20. Qd2 Rg6 21. Qc1
Rhg8 22. Qb2 gxh3 23. Bf3 Rxg2+ 24. Kf1 Rg1+ 25. Ke2 Qe5+ 26. Be4 Rxb1 27. Rxb1
Qxh2 28. a5 Bg4+ 29. Bf3 Qe5+ 30. Kf1 Bxf3 31. c4 Bg2+ 32. Kg1 h2# 0-1

[Event "Stuttgarter Stadtmeisterschaft B-Turnier"]
[Site "Ditzingen"]
[Date "2009.05.22"]
[Round "4.53"]
[White "Sievers, Gerda"]
[Black "Witt, Holger"]
[Result "0-1"]
[WhiteElo "1232"]
[BlackElo "1555"]
[PlyCount "68"]
[EventDate "2009.??.??"]

1. e4 c5 2. Nf3 a6 3. d4 cxd4 4. Nxd4 e6 5. Nb3 Qc7 6. Be3 Nf6 7. f3 d5 8. Bd3
dxe4 9. fxe4 Bd6 10. g3 Nbd7 11. N1d2 Ne5 12. Be2 O-O 13. Rf1 Bd7 14. Bg1 Bc6
15. Rxf6 gxf6 16. Nd4 Bd7 17. c3 Rfd8 18. Qc2 Rac8 19. O-O-O b5 20. Kb1 Qb7 21.
g4 b4 22. c4 a5 23. b3 Bc5 24. Nf1 Bc6 25. Ng3 Rd7 26. Bf1 Rcd8 27. Bg2 Bxd4
28. Nh5 Nxg4 29. h3 Bxg1 30. Nxf6+ Nxf6 31. Rxg1 Kf8 32. Bf3 Bxe4 33. Bxe4 Qxe4
34. Qxe4 Nxe4 0-1

[Event "Stuttgarter Stadtmeisterschaft B-Turnier"]
[Site "Ditzingen"]
[Date "2009.05.22"]
[Round "4.54"]
[White "Hennig, Jan"]
[Black "Schulz, Zdravko"]
[Result "1-0"]
[WhiteElo "1534"]
[BlackElo "1329"]
[PlyCount "43"]
[EventDate "2009.??.??"]

1. c4 e6 2. Nc3 Nf6 3. g3 c6 4. Bg2 d5 5. cxd5 cxd5 6. Nf3 Nc6 7. O-O Be7 8. d3
Qb6 9. Qc2 Nd4 10. Nxd4 Qxd4 11. Nb5 Qc5 12. Qxc5 Bxc5 13. Nc7+ Kd7 14. Nxa8 b5
15. Bf4 Bd6 16. Bxd6 Kxd6 17. Rac1 Bb7 18. Nc7 a6 19. Rc2 Nd7 20. Rfc1 Nb8 21.
e4 Rc8 22. Nxb5+ 1-0

[Event "Stuttgarter Stadtmeisterschaft B-Turnier"]
[Site "Ditzingen"]
[Date "2009.05.22"]
[Round "4.55"]
[White "Weisensel, Wolfgang"]
[Black "Schmidt, Tobias"]
[Result "1/2-1/2"]
[WhiteElo "1531"]
[BlackElo "1057"]
[PlyCount "88"]
[EventDate "2009.??.??"]

1. d4 d5 2. c4 dxc4 3. e3 Nf6 4. Bxc4 e6 5. Nf3 a6 6. a3 c5 7. O-O Be7 8. dxc5
Qxd1 9. Rxd1 Bxc5 10. Nc3 O-O 11. b4 Be7 12. Bb2 b5 13. Be2 Bb7 14. Rd2 Nc6 15.
Rad1 Rad8 16. Rxd8 Rxd8 17. Rxd8+ Bxd8 18. Nd2 Nd7 19. Bf3 Bf6 20. Nd1 Nd8 21.
Bxf6 Bxf3 22. gxf3 gxf6 23. f4 f5 24. Nb2 Nb7 25. Nd3 Nd6 26. Nc5 Nb8 27. Kf1
Kf8 28. Ke2 Ke7 29. Kd3 Ne8 30. f3 Kd6 31. e4 f6 32. Ncb3 fxe4+ 33. fxe4 Ng7
34. Nd4 Ke7 35. f5 e5 36. Ne6 Ne8 37. Ke2 Kf7 38. Kd3 Ke7 39. Kc3 Kd6 40. Kb3
Kc6 41. Kc3 Kd6 42. Kd3 Ke7 43. Ke3 Kf7 44. h4 h5 1/2-1/2

[Event "Stuttgarter Stadtmeisterschaft B-Turnier"]
[Site "Ditzingen"]
[Date "2009.05.22"]
[Round "4.56"]
[White "Sigmund, Wolfgang"]
[Black "Giugno, Carmelo"]
[Result "0-1"]
[WhiteElo "1484"]
[BlackElo "1549"]
[PlyCount "68"]
[EventDate "2009.??.??"]

1. d4 Nf6 2. c4 g6 3. Nc3 Bg7 4. Nf3 Nc6 5. e4 d6 6. Be2 O-O 7. O-O Bg4 8. Be3
Ne8 9. h3 Bxf3 10. Bxf3 e6 11. Qd2 f5 12. Rad1 Qf6 13. e5 dxe5 14. dxe5 Qxe5
15. Bf4 Qc5 16. Nb5 Rd8 17. Qe2 e5 18. Be3 Nd4 19. Bd5+ Kh8 20. Nxd4 exd4 21.
b4 Qxb4 22. Bxd4 Bxd4 23. Rxd4 c6 24. Qe5+ Ng7 25. Bf3 Rde8 26. Qd6 Qb2 27. Kh2
Qxa2 28. Re1 Kg8 29. Rxe8 Rxe8 30. Qd7 Qxf2 31. Rd1 Qb2 32. Bxc6 bxc6 33. Qxc6
Qe5+ 34. Kh1 Nh5 0-1

[Event "Stuttgarter Stadtmeisterschaft B-Turnier"]
[Site "Ditzingen"]
[Date "2009.05.22"]
[Round "4.57"]
[White "Steimbach, Isabel"]
[Black "Grözinger, Werner"]
[Result "1-0"]
[WhiteElo "1510"]
[BlackElo "1379"]
[PlyCount "41"]
[EventDate "2009.??.??"]

1. e4 c5 2. Nc3 e6 3. Nf3 g6 4. d4 d5 5. exd5 exd5 6. dxc5 Qe7+ 7. Qe2 Qxe2+ 8.
Bxe2 Be6 9. Bb5+ Nc6 10. Ne5 Nge7 11. Bg5 a6 12. Bxe7 axb5 13. Bxf8 Nxe5 14.
Bg7 Nf3+ 15. gxf3 Rg8 16. Nxb5 Kd7 17. Bc3 Bf5 18. Nd4 Rge8+ 19. Kd2 Bh3 20. a3
Rec8 21. Bb4 1-0

[Event "Stuttgarter Stadtmeisterschaft B-Turnier"]
[Site "Ditzingen"]
[Date "2009.05.23"]
[Round "5.1"]
[White "Lutz, Herbert"]
[Black "Knolmayer, Volker"]
[Result "1-0"]
[WhiteElo "1893"]
[BlackElo "1700"]
[PlyCount "107"]
[EventDate "2009.??.??"]

1. Nf3 d5 2. b3 Nc6 3. Bb2 Nf6 4. d3 Bf5 5. e3 e6 6. Be2 Be7 7. O-O O-O 8. Nh4
Bg6 9. Nxg6 hxg6 10. d4 a6 11. c4 Nd7 12. Nd2 Bf6 13. f4 Na7 14. c5 Nc6 15. Rc1
Re8 16. Nf3 g5 17. g3 gxf4 18. gxf4 Ne7 19. Ne5 Bxe5 20. fxe5 Nf5 21. Rf3 Qg5+
22. Kh1 Nxe3 23. Qg1 Qxg1+ 24. Rxg1 Nf5 25. Bd3 Ne7 26. Bc1 Nc6 27. Be3 Nf8 28.
Rg4 g6 29. Rh4 Nb8 30. Rfh3 Nbd7 31. Bg5 f5 32. b4 c6 33. Kg2 Rab8 34. a4 b5
35. a5 Rbc8 36. Kf3 Rb8 37. Kf4 Rbc8 38. Be2 Rb8 39. Ke3 Rbc8 40. Bd1 Rb8 41.
Kf4 Rbc8 42. Rh8+ Kf7 43. R3h6 Rb8 44. h4 Kg7 45. Kg3 Rec8 46. h5 Re8 47. hxg6
Rec8 48. Bh5 Ra8 49. R6h7+ Nxh7 50. Rxh7+ Kg8 51. Rxd7 Rf8 52. Kf4 Rfc8 53. Bf6
Rab8 54. Rh7 1-0

[Event "Stuttgarter Stadtmeisterschaft B-Turnier"]
[Site "Ditzingen"]
[Date "2009.05.23"]
[Round "5.2"]
[White "Reichardt, Bernd"]
[Black "Zuferi, Enis"]
[Result "1-0"]
[WhiteElo "1729"]
[BlackElo "1888"]
[PlyCount "121"]
[EventDate "2009.??.??"]

1. e4 c5 2. Nf3 d6 3. d4 cxd4 4. Nxd4 Nf6 5. Nc3 a6 6. Be2 e5 7. Nb3 Be7 8. Bg5
Be6 9. Bxf6 Bxf6 10. O-O O-O 11. Bg4 Nc6 12. Nd5 Be7 13. c3 Kh8 14. Bxe6 fxe6
15. Ne3 Bg5 16. Qe2 Qc7 17. Rad1 Rad8 18. Rd3 Rf4 19. Nc4 b5 20. Ncd2 g6 21.
Rf3 Rdf8 22. g3 R4f7 23. Rxf7 Qxf7 24. h4 Be7 25. Qe3 Qe8 26. f4 exf4 27. Rxf4
Rxf4 28. Qxf4 Qf8 29. Qxf8+ Bxf8 30. Nd4 Nxd4 31. cxd4 Kg8 32. Kf2 Kf7 33. Nf3
h6 34. Ke3 Kf6 35. g4 e5 36. d5 h5 37. g5+ Ke7 38. Kd3 Kd7 39. Kc3 Kc7 40. a4
Kb6 41. axb5 Kxb5 42. b4 Be7 43. Kb3 Bd8 44. Nd2 a5 45. bxa5 Bxa5 46. Nc4 Bc7
47. Ne3 Kc5 48. Kc3 Ba5+ 49. Kd3 Bd8 50. Nc4 Bc7 51. Ne3 Ba5 52. Nf5 Bd8 53.
Ng7 Be7 54. Ne6+ Kb4 55. Nc7 Bd8 56. Ne8 Be7 57. Nf6 Bf8 58. Ng8 Kb5 59. Nh6
Kc5 60. Nf7 Be7 61. Nh8 1-0

[Event "Stuttgarter Stadtmeisterschaft B-Turnier"]
[Site "Ditzingen"]
[Date "2009.05.23"]
[Round "5.3"]
[White "Faerber, Eric"]
[Black "Pocrnic, Josip"]
[Result "1-0"]
[WhiteElo "1881"]
[BlackElo "1823"]
[PlyCount "62"]
[EventDate "2009.??.??"]

1. e4 e6 2. d4 d5 3. Nd2 Nf6 4. e5 Nfd7 5. Bd3 c5 6. c3 Nc6 7. Ne2 cxd4 8. cxd4
Be7 9. O-O O-O 10. f4 f5 11. Kh1 Kh8 12. Rg1 Rg8 13. g4 g6 14. Nf3 Rg7 15. Qe1
a6 16. Qg3 Rg8 17. Bd2 Qe8 18. Rg2 Qf7 19. Rag1 Nf8 20. h4 Bd7 21. gxf5 exf5
22. h5 Ne6 23. Qh3 Nf8 24. Ng5 Bxg5 25. Rxg5 Ne7 26. Bb4 Re8 27. Bxe7 Rxe7 28.
hxg6 Nxg6 29. Bxf5 Bxf5 30. Qxf5 Qxf5 31. Rxf5 Nh4 {
Restliche Partie unleserlich, bzw. unvollstaendig; 1-0 nach 60 Zuegen} 1-0

[Event "Stuttgarter Stadtmeisterschaft B-Turnier"]
[Site "Ditzingen"]
[Date "2009.05.23"]
[Round "5.4"]
[White "Riegel, Frank"]
[Black "Lerner, Jürgen"]
[Result "1/2-1/2"]
[WhiteElo "1811"]
[BlackElo "1874"]
[PlyCount "100"]
[EventDate "2009.??.??"]

1. e4 c6 2. d4 d5 3. Nc3 dxe4 4. Nxe4 Bf5 5. Ng3 Bg6 6. h4 h6 7. Nf3 Nf6 8. h5
Bh7 9. Bd3 Bxd3 10. Qxd3 e6 11. Bd2 Bd6 12. Ne4 Nxe4 13. Qxe4 Nd7 14. Qg4 Qf6
15. O-O-O O-O-O 16. c4 c5 17. Bc3 Qf4+ 18. Qxf4 Bxf4+ 19. Kc2 f6 20. g3 Bc7 21.
Rhe1 cxd4 22. Nxd4 Nc5 23. Nxe6 Rxd1 24. Kxd1 Bb6 25. Nxc5 Bxc5 26. Re2 Rd8+
27. Kc2 a6 28. b4 Bf8 29. a4 Kc7 30. Re6 Kd7 31. Re4 Kc7 32. Bd2 Kc6 33. b5+
axb5 34. axb5+ Kc7 35. Re6 Bc5 36. Be3 Bxe3 37. Rxe3 Rd7 38. Re6 b6 39. Kc3 Kb7
40. c5 bxc5 41. Kc4 Rd2 42. Kxc5 Rc2+ 43. Kd5 Rxf2 44. Re7+ Kb6 45. Rxg7 Rf5+
46. Ke6 Rxh5 47. g4 Rh4 48. Kxf6 Kxb5 49. Kf5 Kc5 50. Rh7 Kd5 1/2-1/2

[Event "Stuttgarter Stadtmeisterschaft B-Turnier"]
[Site "Ditzingen"]
[Date "2009.05.23"]
[Round "5.5"]
[White "Huynh, Nhi Lang"]
[Black "Hamm, Lukas"]
[Result "1-0"]
[WhiteElo "1841"]
[BlackElo "1655"]
[PlyCount "65"]
[EventDate "2009.??.??"]

1. d4 d5 2. c4 e6 3. Nc3 Nf6 4. Nf3 Nbd7 5. Bf4 c6 6. cxd5 exd5 7. e3 Be7 8.
Be2 O-O 9. Qc2 a6 10. a4 Bb4 11. O-O Re8 12. Na2 Ba5 13. b4 Bc7 14. Bxc7 Qxc7
15. b5 c5 16. dxc5 Qxc5 17. Rac1 Qe7 18. Nd4 Ne5 19. Qc7 Qa3 20. Nc3 Re7 21.
Qd8+ Re8 22. Qa5 Bd7 23. bxa6 bxa6 24. Nxd5 Nxd5 25. Qxd5 Rad8 26. Bxa6 Bxa4
27. Qa5 Ra8 28. Ra1 Qd6 29. Qxa4 Re7 30. Rfc1 Rea7 31. Nb5 Rxa6 32. Nxd6 Rxa4
33. Rxa4 1-0

[Event "Stuttgarter Stadtmeisterschaft B-Turnier"]
[Site "Ditzingen"]
[Date "2009.05.23"]
[Round "5.6"]
[White "Klaus, Michael"]
[Black "Liebetruth, Jimmy"]
[Result "1-0"]
[WhiteElo "1897"]
[BlackElo "1788"]
[PlyCount "105"]
[EventDate "2009.??.??"]

1. d4 d5 2. Nf3 Nf6 3. c4 c6 4. e3 e6 5. a3 Nbd7 6. Nc3 Bd6 7. b4 O-O 8. Bb2 b6
9. Be2 Bb7 10. c5 Bc7 11. O-O b5 12. a4 a6 13. axb5 axb5 14. Qc2 Qe7 15. Qb3 e5
16. dxe5 Nxe5 17. Nxe5 Qxe5 18. g3 Qf5 19. Kg2 Rxa1 20. Bxa1 Bc8 21. f4 Qh3+
22. Kg1 Re8 23. Nd1 Ng4 24. Bxg4 Qxg4 25. Bd4 Qh5 26. Nf2 Bf5 27. Qb2 Qg6 28.
Ra1 h5 29. Kg2 h4 30. Qd2 Qh5 31. Qd1 h3+ 32. Kf1 Qh7 33. Ra7 Bb8 34. Ra8 Be4
35. Be5 Bg2+ 36. Kg1 g5 37. Rxb8 Rxb8 38. Bxb8 gxf4 39. exf4 f5 40. Be5 Qa7 41.
Qa1 Qb7 42. Qa5 Qc8 43. Qa7 Qf8 44. Qb8 Qxb8 45. Bxb8 Kf7 46. Be5 Ke6 47. Nd1
Bf3 48. Ne3 Be4 49. Kf2 Kf7 50. g4 fxg4 51. Nxg4 Kg6 52. Kg3 Kh5 53. Nf6+ 1-0

[Event "Stuttgarter Stadtmeisterschaft B-Turnier"]
[Site "Ditzingen"]
[Date "2009.05.23"]
[Round "5.7"]
[White "Schmidt, Markus"]
[Black "Felser, Martin"]
[Result "1-0"]
[WhiteElo "1794"]
[BlackElo "1894"]
[PlyCount "69"]
[EventDate "2009.??.??"]

1. d4 e6 2. c4 Nf6 3. Nc3 Bb4 4. Qc2 b6 5. a3 Bxc3+ 6. Qxc3 Bb7 7. f3 d6 8. e4
O-O 9. Bf4 Qe7 10. Bd3 Rd8 11. Ne2 Nfd7 12. Bg3 Qf6 13. O-O e5 14. d5 Nc5 15.
Bc2 Qe7 16. b4 Ncd7 17. f4 Rf8 18. Rae1 a5 19. c5 axb4 20. axb4 bxc5 21. bxc5
Nxc5 22. fxe5 Nbd7 23. exd6 cxd6 24. Nd4 g6 25. Nb5 Ra6 26. e5 Bxd5 27. exd6
Qg5 28. Rf2 Rb6 29. Nc7 Bb3 30. Bf4 Qh5 31. Ne8 f6 32. Bxb3+ Rxb3 33. Qc4+ Kh8
34. Nxf6 Nxf6 35. Be5 1-0

[Event "Stuttgarter Stadtmeisterschaft B-Turnier"]
[Site "Ditzingen"]
[Date "2009.05.23"]
[Round "5.8"]
[White "Scheuer, Volker"]
[Black "Kvetny, Mark"]
[Result "1-0"]
[WhiteElo "1775"]
[BlackElo "1858"]
[PlyCount "55"]
[EventDate "2009.??.??"]

1. e4 c5 2. d4 cxd4 3. c3 dxc3 4. Nxc3 Nc6 5. Nf3 d6 6. Bc4 a6 7. O-O Nf6 8.
Qe2 Bg4 9. Rd1 e6 10. h3 Bxf3 11. gxf3 b5 12. Bb3 Ra7 13. Bf4 Rd7 14. Rac1 Nh5
15. Bg3 Qb6 16. Kg2 Be7 17. a4 b4 18. a5 Qb7 19. Ba4 Nxg3 20. fxg3 Nxa5 21. Na2
O-O 22. Bxd7 Qxd7 23. Nxb4 Nb3 24. Rc3 Qa4 25. Nc6 Bf6 26. e5 dxe5 27. Qc2 Nc5
28. Rxc5 1-0

[Event "Stuttgarter Stadtmeisterschaft B-Turnier"]
[Site "Ditzingen"]
[Date "2009.05.23"]
[Round "5.9"]
[White "Gibicar, Danijel"]
[Black "Schnorr, Christian"]
[Result "1-0"]
[WhiteElo "1829"]
[BlackElo "1766"]
[PlyCount "65"]
[EventDate "2009.??.??"]

1. d4 Nf6 2. Nf3 c5 3. c3 e6 4. Bf4 Nc6 5. e3 d5 6. Bd3 b6 7. Nbd2 Bb7 8. O-O
Bd6 9. Bg3 Qe7 10. Ne5 Qc7 11. f4 O-O-O 12. a3 g6 13. Bh4 Ne8 14. Nxc6 Bxc6 15.
Bxd8 Qxd8 16. Qe2 h5 17. Bb5 Bxb5 18. Qxb5 Kb7 19. Qd3 h4 20. e4 Qc7 21. e5 Be7
22. a4 Ng7 23. a5 c4 24. axb6 Qxb6 25. Qf3 Nf5 26. Nxc4 Qb5 27. Ne3 Nxe3 28.
Qxe3 Ra8 29. b3 Kc7 30. c4 dxc4 31. bxc4 Qb2 32. Rfb1 Qc2 33. Qf3 1-0

[Event "Stuttgarter Stadtmeisterschaft B-Turnier"]
[Site "Ditzingen"]
[Date "2009.05.23"]
[Round "5.10"]
[White "Hengster, Wolfgang"]
[Black "Stadler, Marcus"]
[Result "0-1"]
[WhiteElo "1628"]
[BlackElo "1828"]
[PlyCount "34"]
[EventDate "2009.??.??"]

1. d4 Nf6 2. c4 g6 3. Nf3 Bg7 4. Nc3 d5 5. e3 c5 6. cxd5 Nxd5 7. Nxd5 Qxd5 8.
dxc5 Qxc5 9. Qb3 Nc6 10. Bb5 O-O 11. Bxc6 bxc6 12. O-O Be6 13. Qa4 Rab8 14. Nd4
Bd5 15. b3 Qb6 16. Bd2 c5 17. Ba5 Qb7 0-1

[Event "Stuttgarter Stadtmeisterschaft B-Turnier"]
[Site "Ditzingen"]
[Date "2009.05.23"]
[Round "5.11"]
[White "Wolff, Sidney Robert"]
[Black "Schäfer-Siebert, Heiko"]
[Result "1-0"]
[WhiteElo "1716"]
[BlackElo "1899"]
[PlyCount "65"]
[EventDate "2009.??.??"]

1. f4 c5 2. Nf3 Nc6 3. e3 Nf6 4. b3 d5 5. Bb2 e6 6. Be2 Bd6 7. O-O a6 8. a4 b6
9. Qe1 Qe7 10. Ne5 Bxe5 11. fxe5 Nd7 12. d4 f5 13. c3 Bb7 14. Nd2 Qg5 15. Rf3
Nd8 16. Rh3 Nf7 17. Qg3 Qxg3 18. Rxg3 g5 19. Bh5 h6 20. Rf1 cxd4 21. exd4 Rh7
22. Ba3 O-O-O 23. c4 Kb8 24. Bxf7 Rxf7 25. Bd6+ Ka7 26. b4 Rc8 27. Rc1 dxc4 28.
Rxc4 Rxc4 29. Nxc4 Bd5 30. Rc3 Bxc4 31. Rxc4 Nb8 32. Rc8 Rb7 33. d5 1-0

[Event "Stuttgarter Stadtmeisterschaft B-Turnier"]
[Site "Ditzingen"]
[Date "2009.05.23"]
[Round "5.12"]
[White "Kühnel, Lena"]
[Black "Rieder, Josef"]
[Result "1-0"]
[WhiteElo "1728"]
[BlackElo "1879"]
[PlyCount "49"]
[EventDate "2009.??.??"]

1. e4 c5 2. Nf3 d6 3. d4 cxd4 4. Nxd4 Nf6 5. Nc3 e6 6. f3 Be7 7. Be3 a6 8. Qd2
Nc6 9. g4 Nd7 10. O-O-O Nde5 11. Be2 Bd7 12. f4 Ng6 13. g5 Qc7 14. h4 h5 15.
gxh6 gxh6 16. h5 Nxf4 17. Bxf4 Nxd4 18. Qxd4 e5 19. Nd5 Qc6 20. Bxe5 Rc8 21.
Rd2 Bg5 22. Bf4 Be6 23. Qxh8+ Kd7 24. Qd4 Bxd5 25. exd5 1-0

[Event "Stuttgarter Stadtmeisterschaft B-Turnier"]
[Site "Ditzingen"]
[Date "2009.05.23"]
[Round "5.14"]
[White "Ellinger, Harald"]
[Black "Werner, Stefan"]
[Result "1/2-1/2"]
[WhiteElo "1854"]
[BlackElo "1695"]
[PlyCount "85"]
[EventDate "2009.??.??"]

1. Nf3 d5 2. d4 e6 3. c4 c6 4. e3 Nf6 5. a3 Nbd7 6. Nc3 Bd6 7. Qc2 O-O 8. cxd5
exd5 9. Bd3 g6 10. Bd2 Nh5 11. g4 Qf6 12. Be2 Ng7 13. e4 dxe4 14. Nxe4 Qe7 15.
Nxd6 Qxd6 16. Bb4 c5 17. dxc5 Qc6 18. O-O-O Ne6 19. Rd6 Qc7 20. c6 Nb6 21. Rd2
Rd8 22. cxb7 Qxc2+ 23. Rxc2 Bxb7 24. Rd1 Nf4 25. Nd4 Nxe2+ 26. Rxe2 Rac8+ 27.
Rc2 Rxc2+ 28. Kxc2 Be4+ 29. Kc1 Rc8+ 30. Bc3 a6 31. Re1 Bd5 32. Re7 Kf8 33. Ra7
Na4 34. Kd2 Nxc3 35. bxc3 Bc4 36. Rb7 Ke8 37. Rb6 Kd7 38. Rb7+ Kd6 39. Rb4 Ke5
40. Rb6 Kd5 41. f3 Kc5 42. Rb7 Kd6 43. Rb6+ 1/2-1/2

[Event "Stuttgarter Stadtmeisterschaft B-Turnier"]
[Site "Ditzingen"]
[Date "2009.05.23"]
[Round "5.15"]
[White "Zikeli, Julia"]
[Black "Köller, Horst"]
[Result "1/2-1/2"]
[WhiteElo "1844"]
[BlackElo "1603"]
[PlyCount "83"]
[EventDate "2009.??.??"]

1. e4 d5 2. exd5 Qxd5 3. Nc3 Qd6 4. d4 Nf6 5. Bc4 a6 6. Nge2 g6 7. Bf4 Qd8 8.
Qd2 Bg7 9. O-O-O b5 10. Bb3 Bb7 11. f3 Nbd7 12. Ng3 O-O 13. Bh6 c5 14. dxc5
Nxc5 15. Qe3 Nxb3+ 16. axb3 Qc7 17. h4 Rac8 18. Bxg7 Kxg7 19. Qf2 h5 20. Rhe1
e6 21. Nce4 Nxe4 22. Nxe4 Bxe4 23. Rxe4 Qa5 24. Kb1 Rfd8 25. Red4 Qb6 26. Qd2
Rxd4 27. Qxd4+ Qxd4 28. Rxd4 Rc6 29. c3 Kf6 30. Kc2 e5 31. Rb4 Ke6 32. f4 f5
33. fxe5 Kxe5 34. Rd4 f4 35. Rd3 Kf5 36. Kd2 Kg4 37. Rh3 Rd6+ 38. Ke2 Re6+ 39.
Kd3 Rd6+ 40. Kc2 Re6 41. Kd2 Rd6+ 42. Kc2 1/2-1/2

[Event "Stuttgarter Stadtmeisterschaft B-Turnier"]
[Site "Ditzingen"]
[Date "2009.05.23"]
[Round "5.16"]
[White "Jantos, Stefan"]
[Black "Häfele, Torsten"]
[Result "1/2-1/2"]
[WhiteElo "1840"]
[BlackElo "1586"]
[PlyCount "41"]
[EventDate "2009.??.??"]

1. e4 c5 2. Nf3 d6 3. d4 cxd4 4. c3 Nf6 5. Qxd4 Nc6 6. Bb5 Bd7 7. Qd3 a6 8. Ba4
b5 9. Bc2 e5 10. Bg5 Be6 11. Nbd2 Be7 12. Bb3 O-O 13. O-O Na5 14. Bxf6 Bxf6 15.
Bxe6 fxe6 16. c4 Nxc4 17. Nxc4 bxc4 18. Qxc4 d5 19. Qc6 Re8 20. Rfd1 d4 21.
Rac1 1/2-1/2

[Event "Stuttgarter Stadtmeisterschaft B-Turnier"]
[Site "Ditzingen"]
[Date "2009.05.23"]
[Round "5.17"]
[White "Fischer, Stefan"]
[Black "Ostertag, Stephan"]
[Result "0-1"]
[WhiteElo "1687"]
[BlackElo "1795"]
[PlyCount "46"]
[EventDate "2009.??.??"]

1. e4 d6 2. d4 Nf6 3. Nc3 g6 4. f4 Bg7 5. Nf3 c5 6. d5 O-O 7. Be2 a6 8. a4 b6
9. O-O Bb7 10. Nd2 Nbd7 11. Bf3 Qc7 12. Nc4 Rad8 13. Ra3 Kh8 14. Rb3 Ng8 15.
Re1 Rb8 16. Qe2 b5 17. axb5 Bxc3 18. bxc3 axb5 19. Rxb5 Ba6 20. Rxb8 Rxb8 21.
e5 Nb6 22. exd6 exd6 23. Qe4 Bxc4 0-1

[Event "Stuttgarter Stadtmeisterschaft B-Turnier"]
[Site "Ditzingen"]
[Date "2009.05.23"]
[Round "5.18"]
[White "Baelz, Juergen"]
[Black "Domingos, Antonio"]
[Result "1-0"]
[WhiteElo "1776"]
[BlackElo "1504"]
[PlyCount "107"]
[EventDate "2009.??.??"]

1. Nf3 d5 2. c4 e6 3. g3 Nf6 4. Bg2 Be7 5. O-O O-O 6. b3 b6 7. Bb2 Bb7 8. d3 c5
9. Ne5 Nbd7 10. Nxd7 Qxd7 11. Nd2 Rad8 12. Nf3 d4 13. a3 a5 14. Qd2 Bd6 15. Qc2
e5 16. Nd2 Bxg2 17. Kxg2 Qf5 18. e4 dxe3 19. fxe3 Qg5 20. Nf3 Qh6 21. Rae1 Rfe8
22. e4 Nd7 23. Bc1 Qe6 24. Ng5 Qg6 25. Nxf7 Rc8 26. Nxd6 Qxd6 27. Rf5 Rcd8 28.
Bg5 Nf6 29. Bxf6 gxf6 30. Re3 Qf8 31. Qe2 Re7 32. Qg4+ Rg7 33. Qh4 Rd4 34. Qxf6
Qxf6 35. Rxf6 Rgd7 36. Rxb6 Rxd3 37. Rxd3 Rxd3 38. Rb5 a4 39. bxa4 Rxa3 40. a5
Kg7 41. Rxc5 Kf6 42. Kh3 Ke6 43. Kg4 Kd6 44. Rb5 Ra4 45. Kf5 Rxc4 46. Rxe5 Rc2
47. Rd5+ Ke7 48. h4 Rf2+ 49. Ke5 Rg2 50. Rb5 h5 51. a6 Ra2 52. Rb7+ Kd8 53. a7
Ra5+ 54. Kf4 1-0

[Event "Stuttgarter Stadtmeisterschaft B-Turnier"]
[Site "Ditzingen"]
[Date "2009.05.23"]
[Round "5.19"]
[White "Aubel, Stefan"]
[Black "Tölg, Wolfgang"]
[Result "0-1"]
[WhiteElo "1591"]
[BlackElo "1762"]
[PlyCount "76"]
[EventDate "2009.??.??"]

1. d4 d5 2. c4 e5 3. cxd5 Qxd5 4. Nc3 Qxd4 5. Qxd4 exd4 6. Nb5 Bb4+ 7. Bd2
Bxd2+ 8. Kxd2 Na6 9. Nxd4 Nf6 10. e3 Nc5 11. Bb5+ Bd7 12. Rc1 Nce4+ 13. Ke2 c6
14. Bc4 O-O 15. h3 a6 16. Ngf3 c5 17. Nb3 b5 18. Bd3 c4 19. Bxe4 Nxe4 20. Nbd4
Be6 21. Nxe6 fxe6 22. Rhf1 Rac8 23. a3 Nc5 24. Ne5 Rf5 25. f4 Ne4 26. Rfd1 g5
27. Kf3 Nc5 28. g4 Rf6 29. Nd7 Nxd7 30. Rxd7 gxf4 31. exf4 Rcf8 32. Rd6 Rxf4+
33. Kg3 Rf3+ 34. Kh4 R8f6 35. Rxa6 Rh6+ 36. Kg5 Rfxh3 37. Rd1 Rg6+ 38. Kf4 e5+
0-1

[Event "Stuttgarter Stadtmeisterschaft B-Turnier"]
[Site "Ditzingen"]
[Date "2009.05.23"]
[Round "5.20"]
[White "Gorb, Eugeniusz"]
[Black "Maisch, Julian"]
[Result "0-1"]
[WhiteElo "1537"]
[BlackElo "1757"]
[PlyCount "50"]
[EventDate "2009.??.??"]

1. e4 e5 2. Nf3 Nc6 3. Bc4 Nf6 4. Nc3 Be7 5. O-O d6 6. h3 O-O 7. d3 Na5 8. Bb3
Nxb3 9. axb3 Bd7 10. Be3 a6 11. Nd5 Nxd5 12. exd5 f5 13. Qc1 f4 14. Bd2 Rf6 15.
Re1 Qc8 16. Nxe5 dxe5 17. Rxe5 Bd6 18. Rh5 f3 19. Bc3 Rg6 20. Rg5 Be8 21. Rxg6
hxg6 22. gxf3 Qxh3 23. Qg5 Bh2+ 24. Kh1 Bg3+ 25. Kg1 Qh2+ 0-1

[Event "Stuttgarter Stadtmeisterschaft B-Turnier"]
[Site "Ditzingen"]
[Date "2009.05.23"]
[Round "5.21"]
[White "Steiert, Roland"]
[Black "Krebs, Thomas"]
[Result "1-0"]
[WhiteElo "1735"]
[BlackElo "1625"]
[PlyCount "67"]
[EventDate "2009.??.??"]

1. d4 d5 2. e4 c6 3. Nc3 e6 4. Bd3 Nd7 5. Qe2 dxe4 6. Nxe4 Ngf6 7. Ng5 h6 8.
Nxe6 fxe6 9. Bg6+ Ke7 10. Nf3 Qc7 11. O-O Nb6 12. c4 Bd7 13. Ne5 Rg8 14. Bf4
Qc8 15. Nf7 Ne8 16. a4 a5 17. h4 Ra6 18. h5 Qa8 19. Rfe1 Nd5 20. Be5 Qc8 21.
Rac1 Ndf6 22. Rc3 c5 23. d5 Bxa4 24. Rd3 Rb6 25. Bc3 Ra6 26. Re3 Bd7 27. f4 Nc7
28. dxe6 Rxe6 29. Rxe6+ Nxe6 30. f5 Ne8 31. Bxa5 Nd6 32. Ne5 Kf6 33. Nxd7+ Qxd7
34. fxe6 1-0